عرض عادي
عرض مارك
- Savin-Baden, Maggi,
مدخل إسم شخص
001 - رقم الضبط
- حقل الضبط: 10868
003 - معرف رقم الضبط
- حقل الضبط: OSt
005 - تاريخ ووقت أخر عملية
- حقل الضبط: 20120412231848.0
008 - عناصر بيانات ثابتة الطول
- حقل تحكم ثابت الطول: 120412|||a|||||| | ||| d
040 ## - مصدر الفهرسة
- هيئة الفهرسة الأصلية: OSt
- وكالة الكتابة: OSt
100 ## - مدخل -- أسم شخص
- إسم شخص: Savin-Baden, Maggi,
- تواريخ مرتبطة بالاسم: 1960-
670 ## - بيانات المصدر موجوده
- الاستشهاد بالمصدر: Work cat.: (OSt)0: Savin-Baden, Maggi, 1960-, Problem-based learning in higher education :, 2000.
